| 000 | 00673nam a22002057a 4500 | ||
|---|---|---|---|
| 999 |
_c11310 _d11310 |
||
| 003 | AR-CdUCM | ||
| 008 | 190403b ||||| |||| 00| 0 spa d | ||
| 040 |
_aMUNICIPALIDAD PROVINCIAL DEL CUSCO _cBIBLIOTECA MUNICIPAL DEL CUSCO |
||
| 082 |
_a869.26 / _bY94 /1949 |
||
| 100 |
_aYunque, Alvaro _915631 |
||
| 245 |
_aBarcos de papel : _bcuentos de niño / |
||
| 260 |
_aCusco : _bLos andes, _c1949. |
||
| 300 |
_a187 páginas ; _c20 cm. |
||
| 505 | _aContenido : El pato viejo -- La bola de cristal -- El libro robado -- El vestido nuevo ... | ||
| 650 |
_aLiteratura _983 |
||
| 650 |
_aCusqueña _928622 |
||
| 650 |
_aPeruana _925277 |
||
| 942 |
_2ddc _cLIBROS |
||
| 945 | _arah | ||